000 00444nam a2200181Ia 4500
001 10916
005 20260306161907.0
008 260306t1980||||xx |||||||||||||| ||spa||
041 _aESP
082 _a980.0301
_bA32
100 _aAguilar Paredes, Héctor
_eAUT
245 0 _aLas guerras de conquista en Latinoamérica
260 _c1980
300 _a406 páginas :
_ccm.
650 _aGEN
654 _aCHU
942 _cLIB
_dJUS
_fJUS
_2ddc
_n
999 _c10916
_d10916